[Event "NAYCC U12"]
[Site "Kingston CAN"]
[Date "2019.08.19"]
[Round "9.61"]
[White "Atanasov, Anthony"]
[Black "Zhong, Kevin"]
[Result "1/2-1/2"]
[WhiteElo "2115"]
[BlackElo "2215"]
[PlyCount "56"]
[EventDate "2019.08.16"]
[EventType "swiss"]
[EventRounds "9"]
[EventCountry "CAN"]

1. d4 d5 2. Nf3 Nf6 3. e3 c5 4. c3 e6 5. Bd3 Nc6 6. Nbd2 Bd6 7. O-O e5 8. dxc5
Bxc5 9. e4 O-O 10. exd5 Nxd5 11. Nc4 Re8 12. Be4 Be6 13. Ncxe5 Nxe5 14. Nxe5
Qf6 15. Nf3 Nf4 16. Bxf4 Qxf4 17. Qc2 g6 18. Bxb7 Bf5 19. Qc1 Qxc1 20. Raxc1
Rab8 21. b4 Rxb7 22. bxc5 Rc8 23. Nd4 Rxc5 24. Nxf5 Rxf5 25. Rb1 Rfb5 26. Rxb5
Rxb5 27. Rc1 Rb2 28. Kf1 Rxa2 1/2-1/2

[Event "PanAm-ch U12"]
[Site "Guayaquil ECU"]
[Date "2019.07.21"]
[Round "1.1"]
[White "Simonis, Frederic"]
[Black "Atanasov, Anthony"]
[Result "0-1"]
[WhiteElo "1300"]
[BlackElo "1902"]
[PlyCount "47"]
[EventDate "2019.07.21"]
[EventType "swiss"]
[EventRounds "9"]
[EventCountry "ECU"]
[Source "ChessMix"]
[SourceDate "2019.08.01"]

1. c4 Nf6 2. Nf3 g6 3. g3 c6 4. b3 Bg7 5. Bg2 Ne4 6. d4 d5 7. Nbd2 Bf5 8. Bb2
O-O 9. Nxe4 Bxe4 10. Nh4 (10. Ng5 Bxg2) 10... Bxg2 11. Nxg2 a5 12. c5 Nd7 13.
Qc2 e5 14. e3 exd4 15. exd4 Qe7+ 16. Kd2 Bh6+ 17. f4 Nf6 18. Rhe1 Ne4+ 19. Kd3
b6 20. cxb6 Qb4 21. Rf1 (21. Re2 Rfc8 (21... Rfe8 22. h3 Qb5+ 23. Ke3 Nxg3+ 24.
Kf3 Rxe2 25. Qc5 Qd3+ 26. Kg4 Rxg2 27. Kh4 Qf3 28. Qc3 Nf5#) 22. h3 Qb5+ 23.
Ke3 Nxg3 24. Kf3) 21... Rfc8 (21... Rfe8) 22. Ke2 Qb5+ 23. Ke3 Nxg3 24. Kf3 0-1

[Event "PanAm-ch U12"]
[Site "Guayaquil ECU"]
[Date "2019.07.22"]
[Round "2.1"]
[White "Atanasov, Anthony"]
[Black "Barja Viveros, Matias Ariel"]
[Result "1-0"]
[WhiteElo "1902"]
[BlackElo "1528"]
[PlyCount "99"]
[EventDate "2019.07.21"]
[EventType "swiss"]
[EventRounds "9"]
[EventCountry "ECU"]
[Source "ChessMix"]
[SourceDate "2019.08.01"]

1. d4 f5 2. c4 Nf6 3. Nc3 g6 4. h4 d6 5. h5 Nxh5 6. Rxh5 gxh5 7. e4 Be6 8. d5
Bf7 9. exf5 Qd7 10. Qf3 Na6 11. Be3 c6 12. Nh3 h6 13. Bd3 Nb4 14. Be4 cxd5 15.
cxd5 Rc8 16. Nf4 Bg7 17. a3 Bxc3+ 18. bxc3 Rxc3 19. axb4 Qb5 20. Qe2 Qxb4 21.
Bd2 Qd4 22. Qb5+ Kf8 23. Ne2 Qxe4 24. Bxc3 Rg8 25. Rxa7 Be8 26. Qxb7 Rxg2 27.
f6 h4 28. Qxe7+ Qxe7 29. fxe7+ Kf7 30. Nf4 Rg5 31. Kd2 h3 32. Ra1 Kxe7 33. Re1+
Kf7 34. Rh1 Bd7 35. Ke3 Bc8 36. f3 Bd7 37. Nxh3 Rxd5 38. Nf4 Rc5 39. Bd4 Ra5
40. Rxh6 Ra3+ 41. Kf2 Bc6 42. Rf6+ Ke7 43. Ng6+ Kd7 44. Be3 Ra2+ 45. Kg3 Ra3
46. Kf4 Ra4+ 47. Kg5 Ra3 48. Rf7+ Ke6 49. Re7+ Kd5 50. Re4 1-0

[Event "PanAm-ch U12"]
[Site "Guayaquil ECU"]
[Date "2019.07.22"]
[Round "3.1"]
[White "Shaw, Jaden"]
[Black "Atanasov, Anthony"]
[Result "0-1"]
[WhiteElo "1727"]
[BlackElo "1902"]
[PlyCount "46"]
[EventDate "2019.07.21"]
[EventType "swiss"]
[EventRounds "9"]
[EventCountry "ECU"]
[Source "ChessMix"]
[SourceDate "2019.08.01"]

1. e4 c5 2. Nf3 d6 3. d4 cxd4 4. Nxd4 Nf6 5. Nc3 a6 6. Be2 e6 7. Be3 Nbd7 8.
O-O Qc7 9. f4 b5 10. Bf3 Bb7 11. e5 dxe5 12. Ndxb5 axb5 13. Nxb5 Qb8 14. fxe5
Nxe5 15. Bb6 Bxf3 16. Qd4 Nd5 17. gxf3 Nxb6 18. f4 Ned7 19. Qe4 Bc5+ 20. Kh1
O-O 21. b4 Ra4 22. c4 Nxc4 23. Rf3 Nd2 0-1

[Event "PanAm-ch U12"]
[Site "Guayaquil ECU"]
[Date "2019.07.23"]
[Round "4.1"]
[White "Atanasov, Anthony"]
[Black "Zacarias Rodriguez, Santiago"]
[Result "1/2-1/2"]
[WhiteElo "1902"]
[BlackElo "1768"]
[PlyCount "75"]
[EventDate "2019.07.21"]
[EventType "swiss"]
[EventRounds "9"]
[EventCountry "ECU"]
[Source "ChessMix"]
[SourceDate "2019.08.01"]

1. d4 Nf6 2. Bf4 g6 3. e3 Bg7 4. Be2 O-O 5. Nf3 d6 6. O-O Nh5 7. Bg5 h6 8. Bh4
f5 9. c4 Nf6 10. Nc3 Nbd7 11. d5 Ne5 12. Nxe5 dxe5 13. f4 exf4 14. exf4 a6 15.
Bf3 Qd6 16. Qe2 Rb8 17. Rad1 Re8 18. Bf2 b6 19. Bd4 Nd7 20. Bxg7 Kxg7 21. g3
Bb7 22. Rfe1 Qf6 23. Qe6 Qxe6 24. Rxe6 Nf8 25. Re3 Kf7 26. Kf2 Ba8 27. a4 Rbd8
28. Red3 Nd7 29. Re3 Nf6 30. Rc1 Rc8 31. a5 bxa5 32. Na4 Rb8 33. b3 Nd7 34. Bd1
c6 35. Re6 Nf8 36. Nc5 Nxe6 37. dxe6+ Kg7 38. Rc3 1/2-1/2

[Event "PanAm-ch U12"]
[Site "Guayaquil ECU"]
[Date "2019.07.24"]
[Round "5.1"]
[White "Reyes Mendoza, Tomas"]
[Black "Atanasov, Anthony"]
[Result "0-1"]
[WhiteElo "1693"]
[BlackElo "1902"]
[PlyCount "49"]
[EventDate "2019.07.21"]
[EventType "swiss"]
[EventRounds "9"]
[EventCountry "ECU"]
[Source "ChessMix"]
[SourceDate "2019.08.01"]

1. d4 Nf6 2. Bf4 g6 3. e3 Bg7 4. Nf3 O-O 5. h3 d5 6. Bd3 c5 7. c3 Qb6 8. Qb3 c4
9. Qxb6 axb6 10. Be2 Nc6 11. O-O b5 12. a3 Bf5 13. Nbd2 Ne4 14. Rfc1 f6 15. g4
Nxd2 16. Nxd2 Be6 17. Bf3 Rfd8 18. Re1 Bf7 19. Bg3 e5 20. Bg2 Rd7 21. f4 e4 22.
Kf2 f5 23. g5 Bf8 24. Ke2 Rc8 {ILegibles} 25. Kf1 0-1

[Event "PanAm-ch U12"]
[Site "Guayaquil ECU"]
[Date "2019.07.24"]
[Round "6.2"]
[White "Atanasov, Anthony"]
[Black "Mundayat, Abinav"]
[Result "1-0"]
[WhiteElo "1902"]
[BlackElo "1880"]
[PlyCount "52"]
[EventDate "2019.07.21"]
[EventType "swiss"]
[EventRounds "9"]
[EventCountry "ECU"]
[Source "ChessMix"]
[SourceDate "2019.08.01"]

1. d4 Nf6 2. Bf4 d5 3. e3 e6 4. Nd2 c5 5. c3 Nc6 6. Bd3 Bd6 7. dxc5 Bxc5 8.
Ngf3 Qe7 9. Ne5 O-O 10. O-O Bd6 11. Ndf3 Nxe5 12. Nxe5 Bc7 13. Ng4 Nxg4 14.
Bxc7 Qxc7 15. Qxg4 e5 16. Qg3 Qe7 17. Rad1 e4 18. Bc2 Be6 19. Rd4 Rad8 20. Rfd1
Rd7 21. Ba4 Rc7 22. Bb3 Rd8 23. Bxd5 Bxd5 24. Rxd5 Rxd5 25. Rxd5 Qe6 26. Qd6
Qc8 1-0

[Event "PanAm-ch U12"]
[Site "Guayaquil ECU"]
[Date "2019.07.25"]
[Round "7.1"]
[White "Atanasov, Anthony"]
[Black "Sloan, Jed"]
[Result "1-0"]
[WhiteElo "1902"]
[BlackElo "1680"]
[PlyCount "77"]
[EventDate "2019.07.21"]
[EventType "swiss"]
[EventRounds "9"]
[EventCountry "ECU"]
[Source "ChessMix"]
[SourceDate "2019.08.01"]

1. d4 Nf6 2. Bf4 e6 3. e3 d5 4. Nd2 Bd6 5. Bg3 O-O 6. Bd3 c5 7. c3 Qc7 8. Ngf3
Nbd7 9. O-O e5 10. dxe5 Nxe5 11. Nxe5 Bxe5 12. e4 Bxg3 13. hxg3 Be6 14. Re1 Qb6
15. Qb1 c4 16. Bc2 Ng4 17. Re2 d4 18. cxd4 Qxd4 19. Nf3 Qc5 20. e5 g6 21. Qe1
Rae8 22. Qc3 Bd5 23. b4 Qc6 24. Rae1 Re7 25. Be4 b5 26. Bxd5 Qxd5 27. Rd2 Qb7
28. Qd4 Nh6 29. Qf4 Nf5 30. g4 Ng7 31. Rd6 Ne6 32. Qe3 Kg7 33. Nd2 Qc7 34. Ne4
a5 35. Nc3 Qa7 36. Qf3 axb4 37. Nd5 Rd7 38. Qf6+ Kg8 39. Rxd7 1-0

[Event "PanAm-ch U12"]
[Site "Guayaquil ECU"]
[Date "2019.07.26"]
[Round "8.1"]
[White "Steiner, Adamson"]
[Black "Atanasov, Anthony"]
[Result "0-1"]
[WhiteElo "1556"]
[BlackElo "1902"]
[PlyCount "48"]
[EventDate "2019.07.21"]
[EventType "swiss"]
[EventRounds "9"]
[EventCountry "ECU"]
[Source "ChessMix"]
[SourceDate "2019.08.01"]

1. e4 c5 2. Nf3 d6 3. d4 cxd4 4. Nxd4 Nf6 5. Nc3 a6 6. f3 e6 7. Be3 b5 8. Qd2
Nbd7 9. g4 h6 10. O-O-O Bb7 11. h4 b4 12. Na4 Qa5 13. b3 Nc5 14. a3 Nxa4 15.
axb4 Qc7 16. bxa4 d5 17. Rh3 dxe4 18. g5 Nd5 19. g6 Bxb4 20. gxf7+ Kxf7 21. Qf2
Ba3+ 22. Kd2 Qa5+ 23. Ke2 Nc3+ 24. Ke1 Nxd1+ 0-1

[Event "PanAm-ch U12"]
[Site "Guayaquil ECU"]
[Date "2019.07.27"]
[Round "9.1"]
[White "Atanasov, Anthony"]
[Black "Caceres Sandoval, Eduardo"]
[Result "1-0"]
[WhiteElo "1902"]
[BlackElo "1567"]
[PlyCount "44"]
[EventDate "2019.07.21"]
[EventType "swiss"]
[EventRounds "9"]
[EventCountry "ECU"]
[Source "ChessMix"]
[SourceDate "2019.08.01"]

1. d4 Nf6 2. Bf4 g6 3. e3 Bg7 4. Be2 O-O 5. Nf3 d5 6. O-O c5 7. c3 Nc6 8. h3 c4
9. Nbd2 Bd7 10. Ne5 b5 11. Nxd7 Qxd7 12. Qc2 a5 13. Nf3 Ne4 14. Nd2 f5 15. Nxe4
fxe4 16. b3 e5 17. dxe5 Nxe5 18. Bxe5 Bxe5 19. bxc4 dxc4 20. Bxc4+ Kg7 21. Be2
Rac8 22. Rad1 Qc6 1-0

[Event "CAN-op"]
[Site "Regina CAN"]
[Date "2019.07.12"]
[Round "1.21"]
[White "Yang, Jingyun (Ryan)"]
[Black "Atanasov, Anthony"]
[Result "0-1"]
[WhiteElo "1704"]
[BlackElo "1902"]
[PlyCount "78"]
[EventDate "2019.07.12"]
[EventType "swiss"]
[EventRounds "9"]
[EventCountry "CAN"]

1. e4 c5 2. Nc3 d6 3. Nf3 Nf6 4. Be2 a6 5. d3 g6 6. Bf4 Bg7 7. Qd2 h6 8. O-O
Nc6 9. h3 e5 10. Be3 Be6 11. a3 g5 12. Nh2 O-O 13. h4 Nh7 14. hxg5 hxg5 15. Nf3
g4 16. Ng5 Nxg5 17. Bxg5 f6 18. Bh4 Nd4 19. Bd1 Kf7 20. Nd5 Rh8 21. g3 Rxh4 22.
gxh4 Qh8 23. Kg2 Nf3 24. Bxf3 gxf3+ 25. Kxf3 Qh5+ 26. Ke3 Bxd5 27. exd5 Bh6+
28. f4 exf4+ 29. Kf2 Qxh4+ 30. Kg1 Rg8+ 31. Qg2 Rxg2+ 32. Kxg2 Qg3+ 33. Kh1 f3
34. Rxf3 Qxf3+ 35. Kh2 Bf4+ 36. Kg1 Qe2 37. b4 Bg3 38. bxc5 Qf2+ 39. Kh1 Qh2#
0-1

[Event "CAN-op"]
[Site "Regina CAN"]
[Date "2019.07.13"]
[Round "2.7"]
[White "Atanasov, Anthony"]
[Black "Hemstapat, Andrew"]
[Result "1/2-1/2"]
[WhiteElo "1902"]
[BlackElo "2069"]
[PlyCount "117"]
[EventDate "2019.07.12"]
[EventType "swiss"]
[EventRounds "9"]
[EventCountry "CAN"]

1. d4 e6 2. Bf4 f5 3. e3 Nf6 4. c4 Bb4+ 5. Nd2 O-O 6. a3 Bxd2+ 7. Qxd2 d6 8. h3
b6 9. f3 Nc6 10. Ne2 Bb7 11. Bg5 e5 12. d5 Nb8 13. Nc3 Bc8 14. Bd3 Qe8 15. Qc2
Qh5 16. h4 Ne8 17. O-O-O Qf7 18. g4 h6 19. gxf5 hxg5 20. hxg5 Bxf5 21. g6 Qxg6
22. Ne4 Bxe4 23. Bxe4 Qg5 24. f4 Qg3 25. fxe5 Qxe3+ 26. Kb1 Rf2 27. Bh7+ Kf8
28. Rhf1 Rxf1 29. Rxf1+ Ke7 30. e6 Nf6 31. Qg6 Nbd7 32. Qxg7+ Kd8 33. Rxf6 Nxf6
34. Qxf6+ Kc8 35. Bg6 Kb7 36. Ka2 Qe2 37. Qc3 Rg8 38. Bc2 a6 39. Bd3 Qe3 40.
Qb3 Qf3 41. Bh7 Qxb3+ 42. Kxb3 Rg3+ 43. Ka2 Re3 44. Bg6 b5 45. cxb5 axb5 46.
Be8 Kb6 47. Bf7 Kc5 48. Kb1 Re2 49. Ka2 Kc4 50. Bh5 Re5 51. Bf7 b4 52. axb4
Kxb4 53. Bg6 Re3 54. Be8 Kc5 55. Bc6 Kd4 56. Kb1 Kc5 57. Ka1 Kb4 58. Ka2 Re5
59. Bd7 1/2-1/2

[Event "CAN-op"]
[Site "Regina CAN"]
[Date "2019.07.14"]
[Round "3.6"]
[White "Wolchock, Theo"]
[Black "Atanasov, Anthony"]
[Result "1/2-1/2"]
[WhiteElo "2032"]
[BlackElo "1902"]
[PlyCount "44"]
[EventDate "2019.07.12"]
[EventType "swiss"]
[EventRounds "9"]
[EventCountry "CAN"]

1. e4 c5 2. Nf3 d6 3. d4 cxd4 4. Qxd4 Nc6 5. Bb5 Qa5+ 6. Nc3 Qxb5 7. Nxb5 Nxd4
8. Nfxd4 Kd7 9. c4 g6 10. Nc3 Nf6 11. f3 a6 12. Be3 Bg7 13. Kf2 Rb8 14. Rac1 e6
15. Rhd1 Ke7 16. b3 Bd7 17. Nde2 Rhc8 18. Bf4 Ne8 19. c5 Be5 20. cxd6+ Bxd6 21.
Bxd6+ Nxd6 22. Rd2 Nb5 1/2-1/2

[Event "CAN-op"]
[Site "Regina CAN"]
[Date "2019.07.14"]
[Round "4.8"]
[White "Atanasov, Anthony"]
[Black "Dixit, Arun"]
[Result "0-1"]
[WhiteElo "1902"]
[BlackElo "1775"]
[PlyCount "118"]
[EventDate "2019.07.12"]
[EventType "swiss"]
[EventRounds "9"]
[EventCountry "CAN"]

1. d4 Nf6 2. Bf4 b6 3. e3 Bb7 4. Nd2 g6 5. Ngf3 Bg7 6. Bd3 d6 7. Qe2 Nbd7 8.
O-O O-O 9. h3 Qe8 10. Bh2 Nd5 11. c3 e5 12. Bb5 c6 13. Bc4 Nc7 14. dxe5 Nxe5
15. Nxe5 dxe5 16. Ne4 Qe7 17. Rfd1 Rad8 18. Bg3 Kh8 19. Qg4 b5 20. Rxd8 Rxd8
21. Bb3 Nd5 22. Qh4 f6 23. Rd1 Bc8 24. c4 bxc4 25. Bxc4 Bf5 26. Nd2 Nb6 27. Bb3
c5 28. Nf1 c4 29. Rxd8+ Qxd8 30. e4 cxb3 31. axb3 Be6 32. f4 Qd1 33. Bf2 Bxb3
34. fxe5 fxe5 35. Qe7 h6 36. Qxa7 Nc4 37. Qe7 Kh7 38. Qb4 Nxb2 39. Qc3 Bc4 40.
Qe1 Bxf1 41. Kxf1 Qxe1+ 42. Bxe1 Nd3 43. Bd2 Nc5 44. Ke2 Nxe4 45. Be1 Kg8 46.
Kd3 Nd6 47. g4 Kf7 48. Bd2 Ke6 49. Bc1 Kd5 50. Ke3 Nc4+ 51. Ke2 Ke4 52. h4 Bf8
53. h5 g5 54. Kf2 Kd3 55. Ke1 e4 56. Kf2 Bc5+ 57. Ke1 e3 58. Kf1 e2+ 59. Ke1
Bb4+ 0-1

[Event "CAN-op"]
[Site "Regina CAN"]
[Date "2019.07.15"]
[Round "5.13"]
[White "Jiang, Kate"]
[Black "Atanasov, Anthony"]
[Result "0-1"]
[WhiteElo "1463"]
[BlackElo "1902"]
[PlyCount "166"]
[EventDate "2019.07.12"]
[EventType "swiss"]
[EventRounds "9"]
[EventCountry "CAN"]

1. e4 c5 2. c3 Nf6 3. e5 Nd5 4. d4 cxd4 5. cxd4 Nc6 6. Nf3 d6 7. Bc4 Nb6 8. Bb5
dxe5 9. Nxe5 Bd7 10. Bxc6 Bxc6 11. Nxc6 bxc6 12. Nc3 g6 13. O-O Bg7 14. Be3 O-O
15. Rc1 Rc8 16. b3 Qd7 17. Qd2 Rfd8 18. Rfd1 Qe8 19. Qe2 Rc7 20. Qf3 Qd7 21.
Ne4 Nd5 22. h3 Qf5 23. Nd2 Qxf3 24. Nxf3 e6 25. Rc5 Bf8 26. Rc4 Nb6 27. Rc2 Ba3
28. Bc1 Bd6 29. Bd2 Rdc8 30. b4 Nd5 31. a3 Kg7 32. Rb1 h6 33. Kf1 g5 34. g3 Kg6
35. Ke2 Ne7 36. Be3 Ra8 37. Nd2 Rd8 38. Nc4 a6 39. h4 f6 40. hxg5 hxg5 41. Na5
Rdc8 42. Nc4 Rd8 43. Bd2 Nf5 44. Be3 Ne7 45. g4 Kg7 46. Na5 Rdc8 47. Kd3 Kg6
48. Kc4 f5 49. f3 Rh8 50. Kd3 f4 51. Bf2 Rhc8 52. Re2 Kf6 53. Rh1 Rd8 54. Kc4
Ng6 55. Kb3 Rh8 56. Rhe1 Re8 57. Nc4 Rd7 58. Nd2 Kf7 59. Rc1 Rc7 60. Nc4 Rd8
61. Rh1 Kf6 62. Be1 Bf8 63. Bc3 Rd5 64. a4 Nh4 65. Rhe1 Nxf3 66. Rxe6+ Kf7 67.
R1e4 Rxd4 68. Ne5+ Kxe6 69. Bxd4 Nd2+ 70. Kc2 Nxe4 71. Kb3 c5 72. bxc5 Nxc5+
73. Ka2 Bg7 74. Nf3 Bxd4 75. Nxd4+ Kd5 76. Nf3 Ne6 77. Kb3 Nd4+ 78. Nxd4 Kxd4
79. a5 f3 80. Ka4 Rb7 81. Ka3 f2 82. Ka4 f1=Q 83. Ka3 Qa1# 0-1

[Event "CAN-op"]
[Site "Regina CAN"]
[Date "2019.07.15"]
[Round "6.6"]
[White "Atanasov, Anthony"]
[Black "Sohal, Tanraj"]
[Result "0-1"]
[WhiteElo "1902"]
[BlackElo "2241"]
[PlyCount "148"]
[EventDate "2019.07.12"]
[EventType "swiss"]
[EventRounds "9"]
[EventCountry "CAN"]

1. d4 Nf6 2. Bf4 e6 3. e3 c5 4. Nd2 Be7 5. c3 O-O 6. Bd3 b6 7. Ngf3 cxd4 8.
exd4 Bb7 9. O-O d6 10. Re1 Nbd7 11. Nc4 Qc7 12. Ne3 Rfe8 13. h3 Nf8 14. Bh2 a6
15. a4 Bc6 16. Bf1 Ng6 17. Nd2 Bf8 18. Qb3 Nd5 19. Nxd5 Bxd5 20. c4 Bb7 21.
Rec1 e5 22. d5 Be7 23. Qd3 a5 24. Rc3 Bc8 25. f3 f5 26. Re1 Bd7 27. b3 Bg5 28.
Kh1 Nf4 29. Qc2 Nh5 30. g3 Re7 31. Kg2 Rae8 32. Be2 g6 33. Nf1 Nf6 34. h4 Bh6
35. Bg1 g5 36. hxg5 Bxg5 37. Bf2 f4 38. Bd3 Rg7 39. Bf5 fxg3 40. Nxg3 Bf4 41.
Rg1 Bxf5 42. Qxf5 Nxd5 43. Rd3 Rg5 44. Qxg5+ Bxg5 45. Rxd5 h6 46. Ne4 Rf8 47.
Rxd6 Qf7 48. Rd3 Qe7 49. Bxb6 Qg7 50. Kf2 Qg6 51. Nxg5 Qxb6+ 52. Kf1 hxg5 53.
Rxg5+ Kf7 54. Rf5+ Ke7 55. Rxe5+ Kf6 56. Rdd5 Rf7 57. Rb5 Qd4 58. Rf5+ Ke6 59.
Rxf7 Kxf7 60. Kg2 Qe3 61. Kg3 Kf6 62. Kg2 Qe1 63. Kh3 Qg1 64. f4 Ke6 65. Re5+
Kf6 66. Rb5 Qf2 67. Rxa5 Qf3+ 68. Kh4 Qxf4+ 69. Kh5 Qf3+ 70. Kh4 Qf2+ 71. Kg4
Qe2+ 72. Kh3 Qd3+ 73. Kg4 Qd4+ 74. Kh5 Qd1+ 0-1

[Event "CAN-op"]
[Site "Regina CAN"]
[Date "2019.07.16"]
[Round "7.12"]
[White "Landstrom, William"]
[Black "Atanasov, Anthony"]
[Result "0-1"]
[WhiteElo "1516"]
[BlackElo "1902"]
[PlyCount "74"]
[EventDate "2019.07.12"]
[EventType "swiss"]
[EventRounds "9"]
[EventCountry "CAN"]

1. e4 c5 2. Nf3 d6 3. d4 cxd4 4. Nxd4 Nf6 5. Nc3 a6 6. Be2 e6 7. Be3 Nbd7 8. f3
Qc7 9. O-O b5 10. a3 Bb7 11. Qe1 Be7 12. Qf2 Ne5 13. Bd3 O-O 14. Nb3 Rac8 15.
Rfd1 d5 16. exd5 Nxd5 17. Nxd5 Bxd5 18. Bb6 Nxd3 19. cxd3 Qc2 20. Nd2 Qxb2 21.
Bd4 Qxd4 22. Qxd4 Bc5 23. Qxc5 Rxc5 24. Ne4 Rc2 25. Nd2 Rfc8 26. Kf2 Rb2 27.
Ke3 Rcc2 28. Rdc1 f6 29. Rxc2 Rxc2 30. h4 Kf7 31. g4 e5 32. Ne4 g6 33. Nd6+ Ke7
34. Ne4 f5 35. gxf5 gxf5 36. Nd2 f4+ 37. Ke2 Bxf3+ 0-1

[Event "CAN-op"]
[Site "Regina CAN"]
[Date "2019.07.17"]
[Round "8.8"]
[White "Atanasov, Anthony"]
[Black "Haessel, Dale"]
[Result "1/2-1/2"]
[WhiteElo "1902"]
[BlackElo "2148"]
[PlyCount "100"]
[EventDate "2019.07.12"]
[EventType "swiss"]
[EventRounds "9"]
[EventCountry "CAN"]

1. d4 Nf6 2. Bf4 g6 3. e3 Bg7 4. Be2 O-O 5. Nf3 c5 6. c3 b6 7. Nbd2 Bb7 8. O-O
d6 9. h3 Nbd7 10. Bh2 Qc7 11. a4 a6 12. b4 a5 13. bxc5 bxc5 14. Bc4 Nb6 15. Bd3
Nfd5 16. Qc1 Rfc8 17. Qa3 cxd4 18. cxd4 Nb4 19. Rfc1 Qd8 20. Ne1 Nxd3 21. Nxd3
Bc6 22. Nb2 e5 23. Nbc4 exd4 24. Nxb6 Qxb6 25. Nc4 Qd8 26. Nxd6 Qg5 27. e4 Bf8
28. Qf3 Rc7 29. Bf4 Qd8 30. Nf5 Rcc8 31. Be5 f6 32. Nxd4 fxe5 33. Nxc6 Qe8 34.
Qf6 Bg7 35. Qe7 Qf7 36. Qd6 Rf8 37. Qd5 Kh8 38. f3 Qf4 39. Kh1 Rg8 40. Nxa5
Rad8 41. Qe6 Bh6 42. Qg4 Qxg4 43. hxg4 Bxc1 44. Rxc1 Ra8 45. Rc5 Rge8 46. Nc4
Rxa4 47. Nxe5 Re7 48. g5 Kg7 49. Ng4 Raa7 50. Kh2 Rab7 1/2-1/2

[Event "CAN-op"]
[Site "Regina CAN"]
[Date "2019.07.18"]
[Round "9.8"]
[White "Wiebe, Isaac"]
[Black "Atanasov, Anthony"]
[Result "1/2-1/2"]
[WhiteElo "2062"]
[BlackElo "1902"]
[PlyCount "134"]
[EventDate "2019.07.12"]
[EventType "swiss"]
[EventRounds "9"]
[EventCountry "CAN"]

1. Nf3 Nf6 2. g3 g6 3. b3 Bg7 4. Bb2 d5 5. Bg2 O-O 6. c4 c6 7. O-O Bf5 8. d3
Nbd7 9. Nbd2 a5 10. Nd4 e5 11. Nxf5 gxf5 12. Nf3 Re8 13. Nh4 f4 14. Nf5 fxg3
15. hxg3 d4 16. Qd2 Nf8 17. a3 Qd7 18. Bh3 Qc7 19. b4 b6 20. Bg2 Rab8 21. Bf3
c5 22. Kg2 e4 23. dxe4 Qe5 24. Qf4 Ng6 25. Qxe5 Nxe5 26. Rac1 axb4 27. axb4 Ra8
28. Rc2 Ra4 29. bxc5 bxc5 30. Bc1 Rxc4 31. Ra2 Bf8 32. Bh6 Nfd7 33. Ra7 Rb4 34.
Rc1 Rb6 35. Bxf8 Kxf8 36. Rc7 Rc6 37. Ra7 Rd8 38. Rh1 Nf6 39. g4 Ng6 40. g5 Nd7
41. Rxh7 Nde5 42. Bh5 Kg8 43. Bxg6 Rxg6 44. Rh3 Rxg5+ 45. Kf1 d3 46. exd3 Nxd3
47. Nh6+ Kf8 48. Nxf7 Rb8 49. Rh8+ Rg8 50. Rxg8+ Kxg8 51. Nh6+ Kf8 52. Ke2 c4
53. Ke3 Rb6 54. Ng4 Rc6 55. Kd2 c3+ 56. Kxd3 c2 57. Ra1 c1=Q 58. Rxc1 Rxc1 59.
f4 Rf1 60. f5 Rg1 61. Ne3 Ke7 62. Kd4 Re1 63. e5 Re2 64. Nd5+ Kf7 65. Ne3 Ke7
66. Nd5+ Kf7 67. Ne3 Ke7 1/2-1/2

[Event "Golden Horseshoe op"]
[Site "Mississauga CAN"]
[Date "2019.06.08"]
[Round "1.6"]
[White "Plotkin, Victor"]
[Black "Atanasov, Anthony"]
[Result "1-0"]
[WhiteElo "2384"]
[BlackElo "2102"]
[PlyCount "129"]
[EventDate "2019.06.08"]
[EventType "swiss"]
[EventRounds "5"]
[EventCountry "CAN"]

1. e4 c5 2. c3 Nf6 3. e5 Nd5 4. d4 cxd4 5. Nf3 Nc6 6. Bc4 Nb6 7. Bb3 d5 8. exd6
Qxd6 9. O-O Be6 10. cxd4 Bxb3 11. Qxb3 e6 12. Nc3 Be7 13. Nb5 Qd8 14. Be3 a6
15. Nc3 Na5 16. Qc2 Nd5 17. Nxd5 Qxd5 18. Qa4+ Nc6 19. Ne5 b5 20. Qb3 Nb4 21.
Rfc1 f6 22. Qxd5 Nxd5 23. Nd3 Kd7 24. Bd2 Rhc8 25. b4 Nb6 26. Nc5+ Bxc5 27.
dxc5 Nc4 28. Bc3 e5 29. g4 Kc6 30. Rd1 Rd8 31. Kg2 g6 32. Kg3 Rxd1 33. Rxd1 Ra7
34. f4 a5 35. bxa5 Kxc5 36. fxe5 fxe5 37. Be1 e4 38. a3 e3 39. Bb4+ Kc6 40. Rd3
Rf7 41. Rd8 g5 42. Rc8+ Kd5 43. a6 Ra7 44. Rc5+ Ke4 45. Rxg5 Rxa6 46. Rxb5 Nxa3
47. Rb7 Nc2 48. Bc5 e2 49. Bf2 Rf6 50. Re7+ Kd3 51. g5 Rf5 52. h4 Kd2 53. Rd7+
Kc3 54. Re7 Nd4 55. Bxd4+ Kd2 56. Bf2 Kd1 57. Rd7+ Kc2 58. Rxh7 Re5 59. g6 Re6
60. h5 Re3+ 61. Kg2 Re5 62. Rc7+ Kd1 63. Rd7+ Kc2 64. g7 Rg5+ 65. Kf3 1-0

[Event "Golden Horseshoe op"]
[Site "Mississauga CAN"]
[Date "2019.06.08"]
[Round "2.11"]
[White "Atanasov, Anthony"]
[Black "Li, Eric M"]
[Result "1-0"]
[WhiteElo "2102"]
[BlackElo "2155"]
[PlyCount "124"]
[EventDate "2019.06.08"]
[EventType "swiss"]
[EventRounds "5"]
[EventCountry "CAN"]

1. d4 Nf6 2. Bf4 d5 3. e3 c5 4. c3 Nc6 5. Nd2 Bf5 6. Qb3 Qb6 7. Qxb6 axb6 8.
Bb5 e6 9. Ngf3 Nd7 10. h3 Be7 11. Ne5 Ndxe5 12. Bxe5 O-O 13. Bc7 Bd8 14. Bd6
Be7 15. Bc7 Na7 16. Be2 Nc8 17. O-O Bd6 18. Bxd6 Nxd6 19. a3 f6 20. Rad1 Rac8
21. Bg4 Bxg4 22. hxg4 Rfd8 23. f4 Rc7 24. g3 Kf7 25. Kg2 Ke7 26. Rfe1 Ne4 27.
Nxe4 dxe4 28. Rd2 Rcd7 29. Kf2 f5 30. g5 cxd4 31. exd4 Kf7 32. Ke3 b5 33. g4
Kg6 34. gxf5+ exf5 35. Red1 h5 36. gxh6 gxh6 37. Rg2+ Kh7 38. Rdg1 Rc8 39. Rg6
Rc6 40. Rg8 Rcc7 41. Rf8 Rf7 42. Rxf7+ Rxf7 43. d5 Rg7 44. Rd1 Kg6 45. Kd4 Kf6
46. b3 h5 47. Rh1 Rh7 48. Rh3 h4 49. c4 bxc4 50. bxc4 Kg6 51. Ke5 e3 52. Rxe3
h3 53. Rg3+ Kf7 54. Rg1 h2 55. Rh1 Rh5 56. Kd6 Rh4 57. c5 Rxf4 58. Rxh2 Ra4 59.
Rh7+ Kg6 60. Rxb7 Rxa3 61. c6 f4 62. c7 Rc3 1-0

[Event "Golden Horseshoe op"]
[Site "Mississauga CAN"]
[Date "2019.06.09"]
[Round "4.9"]
[White "Liu, Henry"]
[Black "Atanasov, Anthony"]
[Result "0-1"]
[WhiteElo "1906"]
[BlackElo "2102"]
[PlyCount "98"]
[EventDate "2019.06.08"]
[EventType "swiss"]
[EventRounds "5"]
[EventCountry "CAN"]

1. c4 Nf6 2. Nc3 d5 3. cxd5 Nxd5 4. d4 g6 5. e4 Nxc3 6. bxc3 Bg7 7. Nf3 c5 8.
Be3 O-O 9. Bc4 Bg4 10. Qd2 Nc6 11. d5 Qa5 12. Rc1 Bxf3 13. gxf3 Ne5 14. Be2
Rad8 15. f4 Nd7 16. e5 e6 17. c4 Qa6 18. h4 f6 19. Bg4 Kh8 20. h5 f5 21. Be2
gxh5 22. Rxh5 h6 23. f3 Rf7 24. Kf2 Nf8 25. Bxc5 Ng6 26. Rg1 Kh7 27. Be3 Qa4
28. Bd3 Qe8 29. Qc2 Rfd7 30. Rh3 Nf8 31. Rhg3 Kh8 32. d6 Rf7 33. Qb3 Nd7 34.
Bd4 b6 35. Rg6 Nf8 36. R6g3 Rxd6 37. Rxg7 Rxd4 38. Rg8+ Kh7 39. Qc3 Qd8 40. Ke3
Rdd7 41. R8g2 Qe7 42. Ke2 Qc5 43. Rh1 Ng6 44. Rgh2 Nxf4+ 45. Kf1 h5 46. Be2 Rg7
47. Rh4 Rg1+ 48. Rxg1 Qxg1+ 49. Kxg1 Nxe2+ 0-1

[Event "Golden Horseshoe op"]
[Site "Mississauga CAN"]
[Date "2019.06.09"]
[Round "5.4"]
[White "Atanasov, Anthony"]
[Black "Rusonik, Max"]
[Result "0-1"]
[WhiteElo "2102"]
[BlackElo "2168"]
[PlyCount "88"]
[EventDate "2019.06.08"]
[EventType "swiss"]
[EventRounds "5"]
[EventCountry "CAN"]

1. d4 f5 2. c4 Nf6 3. Nc3 g6 4. Bf4 Bg7 5. e3 d6 6. Be2 Nc6 7. Nf3 O-O 8. O-O
Nh5 9. Bg5 h6 10. Bh4 g5 11. Ne1 Nf6 12. Bg3 e5 13. dxe5 dxe5 14. f3 Be6 15.
Nc2 Qe7 16. e4 fxe4 17. fxe4 Rad8 18. Qe1 Qc5+ 19. Bf2 Nd4 20. Ne3 c6 21. a3
Rd7 22. b4 Qe7 23. Bg3 Nh7 24. Rxf8+ Nxf8 25. Na4 b6 26. Nb2 Ng6 27. Bf1 Nf4
28. Kh1 Qd8 29. a4 Nb3 30. Ra3 Nd2 31. Nf5 Bxf5 32. exf5 e4 33. Bxf4 gxf4 34.
Nd3 Nxf1 35. Qxe4 Nd2 36. Qe6+ Kh7 37. Qg6+ Kh8 38. Nxf4 Nxc4 39. Rd3 Rxd3 40.
Nxd3 Ne5 41. Qh5 Qxd3 42. Kg1 Qe3+ 43. Kf1 Nd3 44. Qh4 Qf4+ 0-1